000 00854nam a2200277 i 4500
001 bg
100 1 _aSolženicyn, Aleksandr Isaevič
_d(1891-1940).
245 1 0 _aOddział chorych na raka /
_cAleksander Sołżenicyn ; przekł. Michał B. Jagiełło.
246 1 _iTyt. oryg.:
_aRakovyj korpus
260 _aKraków :
_b"Mediasat Poland",
_c[2004].
300 _a443, [2] s. ;
_c22 cm.
490 1 _aKolekcja Gazety Wyborczej : XX wiek ;
_v28
650 9 _aPowieść rosyjska
_y20 w.
700 1 _aJagiełło, Michał B.
_d(1950- ).
_eTł.
830 0 _aKolekcja Gazety Wyborczej ;
_v28
020 _a8389651777
020 _a8497897250
040 _cBPK
041 1 _apol
_hrus
044 _aPOL
080 _a821.161.1-3
920 _a83-89651-77-7
920 _a84-9789-725-0
942 _cKS
008 s pl f |000 0 pol
999 _c55665
_d55665
856 _uhttp://koha.tu.koszalin.pl/cgi-bin/koha/opac-detail.pl?biblionumber=55665
_yKatalog online BPK